[Event "Udaipur Lakecity rapid op 1st"]
[Site "Udaipur"]
[Date "2019.09.14"]
[Round "1"]
[White "Priyadarshi, Alok"]
[Black "Rahman, Ziaur"]
[Result "0-1"]
[WhiteElo "1443"]
[BlackElo "2492"]
[PlyCount "94"]
[EventDate "2019.09.14"]
[EventType "swiss (rapid)"]
[EventRounds "9"]
[EventCountry "IND"]
[SourceTitle "EXT 2020"]
[Source "ChessBase"]
[SourceDate "2019.10.17"]
[SourceVersion "1"]
[SourceVersionDate "2019.10.17"]
[SourceQuality "1"]

1. d4 d5 2. Bf4 Nf6 3. e3 Bg4 4. Nf3 e6 5. Nbd2 Nbd7 6. Be2 Be7 7. c3 0-0 8. h3 Bh5 9. g4 Bg6 10. Nh4 Ne8 11. Nxg6 fxg6 12. 0-0 g5 13. Bg3 Bd6 14. Qc2 c6 15. e4 Bf4 16. e5 Qe7 17. Bd3 g6 18. Rae1 c5 19. b3 Rc8 20. Qd1 cxd4 21. cxd4 Qb4 22. Nf3 Nb8 23. Kg2 Nc6 24. Bxf4 Rxf4 25. Nxg5 Ng7 26. Qb1 Qe7 27. Nf3 Rcf8 28. Re3 Nxd4 29. Nxd4 Rxd4 30. Qb2 Rdf4 31. Bb1 Qc5 32. Qc3 Qb6 33. Qd2 Ne8 34. Bd3 Nc7 35. Qc2 d4 36. Re2 Kg7 37. Be4 Nb5 38. f3 Nc3 39. Ree1 Qb5 40. Qd2 Nxe4 41. Qxd4 Ng5 42. Qd6 Nxf3 43. Qc7+ R8f7 44. Qd6 Nh4+ 45. Kg3 Rxf1 46. Rxf1 Qxf1 47. Kxh4 Qf2+ 0-1